| 000 | 01085nam a2200277 i 4500 | ||
|---|---|---|---|
| 001 | 132918 | ||
| 003 | ES-MaACL | ||
| 005 | 20260114150308.0 | ||
| 007 | t| | ||
| 008 | 070214s1911 sp |||| | spa d | ||
| 080 | _a091(72) | ||
| 080 | _a003.321 | ||
| 100 | 1 |
_aRoso de Luna, Mario, _d1872-1931 _eaut _999794 |
|
| 245 | 1 | 3 |
_aLa ciencia hierática de los mayas : _b(continuación para el estudio de los códices Anáhuac) / _cMario Roso de Luna. |
| 260 |
_aMadrid : _bLibrería de Pueyo, _c1911 _f(Imp. de Fortanet) |
||
| 300 |
_a86 p. ; _c23 cm. |
||
| 530 | _aDisponible en formato digital | ||
| 650 | 4 |
_aManuscritos mexicanos. _914762 |
|
| 650 | 4 |
_aEscritura maya. _9155487 |
|
| 852 |
_aES-MaACL _cDEPOF _gDedicatoria autógrafa del autor _hDonativo de Roso de Luna _jT-1229-F-2 |
||
| 852 |
_aES-MaACL _hDonativo Roda _jL-4908 (15-3) _cDEPO2 |
||
| 856 | 4 |
_uhttp://bdh-rd.bne.es/viewer.vm?id=0000045632&page=1 _y(Biblioteca Digital Hispánica) _zVersión en línea |
|
| 942 |
_2udc _cMONOGRAFIA _n0 |
||
| 999 |
_c132918 _d132918 |
||